Ancient Roman art / (Record no. 24412)
[ view plain ]
| 000 -LEADER | |
|---|---|
| fixed length control field | 01274cam a22003497a 4500 |
| 001 - CONTROL NUMBER | |
| control field | 14549924 |
| 003 - CONTROL NUMBER IDENTIFIER | |
| control field | OSt |
| 005 - DATE AND TIME OF LATEST TRANSACTION | |
| control field | 20170128122328.0 |
| 008 - FIXED-LENGTH DATA ELEMENTS--GENERAL INFORMATION | |
| fixed length control field | 060913r20061998ilua c b 001 0 eng d |
| 010 ## - LIBRARY OF CONGRESS CONTROL NUMBER | |
| LC control number | 2006282732 |
| 020 ## - INTERNATIONAL STANDARD BOOK NUMBER | |
| International Standard Book Number | 1403487677 (hbk.) |
| 020 ## - INTERNATIONAL STANDARD BOOK NUMBER | |
| International Standard Book Number | 1403487758 (pbk.) |
| 035 ## - SYSTEM CONTROL NUMBER | |
| System control number | (OCoLC)ocm70821788 |
| 040 ## - CATALOGING SOURCE | |
| Original cataloging agency | OWL |
| Transcribing agency | OWL |
| Modifying agency | DLC |
| 042 ## - AUTHENTICATION CODE | |
| Authentication code | lccopycat |
| 050 00 - LIBRARY OF CONGRESS CALL NUMBER | |
| Classification number | N5760 H63 1997 |
| 100 1# - MAIN ENTRY--PERSONAL NAME | |
| Personal name | Hodge, Susie, |
| Dates associated with a name | 1997 |
| 245 10 - TITLE STATEMENT | |
| Title | Ancient Roman art / |
| Statement of responsibility, etc. | Susie Hodge. |
| 246 30 - VARYING FORM OF TITLE | |
| Title proper/short title | Roman art |
| 250 ## - EDITION STATEMENT | |
| Edition statement | Rev. and updated |
| 260 ## - PUBLICATION, DISTRIBUTION, ETC. (IMPRINT) | |
| Place of publication, distribution, etc. | Des Plaines, Ill. : |
| Name of publisher, distributor, etc. | Heinemann Interactive Library, |
| Date of publication, distribution, etc. | 1997. |
| 300 ## - PHYSICAL DESCRIPTION | |
| Extent | 32 p. : |
| Other physical details | col. ill. ; |
| Dimensions | 28 cm. |
| 490 1# - SERIES STATEMENT | |
| Series statement | Art in history |
| 500 ## - GENERAL NOTE | |
| General note | Includes bibliographical references and index. |
| 520 ## - SUMMARY, ETC. | |
| Summary, etc. | Examines the art of ancient Rome, including painting, mosaic, sculpture, and architecture. |
| 600 ## - SUBJECT ADDED ENTRY--PERSONAL NAME | |
| Source of heading or term | Art |
| 650 #0 - SUBJECT ADDED ENTRY--TOPICAL TERM | |
| Topical term or geographic name as entry element | Art, Roman |
| Form subdivision | Juvenile literature. |
| 650 #1 - SUBJECT ADDED ENTRY--TOPICAL TERM | |
| Topical term or geographic name as entry element | Art, Roman. |
| 650 #1 - SUBJECT ADDED ENTRY--TOPICAL TERM | |
| Topical term or geographic name as entry element | Art, Ancient. |
| 800 1# - SERIES ADDED ENTRY--PERSONAL NAME | |
| Personal name | Hodge, Susie, |
| Dates associated with a name | 1960- |
| Title of a work | Art in history. |
| 906 ## - LOCAL DATA ELEMENT F, LDF (RLIN) | |
| a | 7 |
| b | cbc |
| c | copycat |
| d | 2 |
| e | ncip |
| f | 20 |
| g | y-gencatlg |
| 942 ## - ADDED ENTRY ELEMENTS (KOHA) | |
| Source of classification or shelving scheme | |
| Koha item type | Hard Covered Materials |
| Classification part | N5760 H63 1997 |
| Call number prefix | 32095 |
| Withdrawn status | Lost status | Source of classification or shelving scheme | Damaged status | Not for loan | Home library | Current library | Shelving location | Date acquired | Source of acquisition | Total Checkouts | Full call number | Barcode | Date last seen | Price effective from | Koha item type |
|---|---|---|---|---|---|---|---|---|---|---|---|---|---|---|---|
| MACHAKOS UNIVERSITY LIBRARY | MACHAKOS UNIVERSITY LIBRARY | Open shelf | 28/01/2017 | Donation (B.F.A) | N5760 H63 1997 | 32095 | 28/01/2017 | 28/01/2017 | Hard Covered Materials |